[Event "Caracas Hybrid Rapid op"]
[Site "Caracas"]
[Date "2022.09.17"]
[Round "6"]
[White "Haynes, Anthony Trevor"]
[Black "Ramirez Portuguez, Anderson Javier"]
[Result "0-1"]
[WhiteElo "1191"]
[BlackElo "1280"]
[PlyCount "62"]
[EventDate "2022.09.17"]
[EventType "swiss"]
[EventRounds "11"]
[EventCountry "VEN"]
[SourceTitle "EXT 2023"]
[Source "ChessBase"]
[SourceDate "2022.10.05"]
[SourceVersion "1"]
[SourceVersionDate "2022.10.05"]
[SourceQuality "1"]

1. e4 e5 2. Nf3 Nc6 3. Bc4 Nf6 4. d3 Bc5 5. Bg5 0-0 6. Nc3 Be7 7. 0-0 d6 8. Qd2 Be6 9. Nd5 Bg4 10. Nxe7+ Qxe7 11. Nh4 Be6 12. Nf5 Bxf5 13. exf5 Rad8 14. c3 d5 15. Bb3 Qd6 16. f4 e4 17. d4 Na5 18. Qe2 a6 19. Rad1 Nxb3 20. axb3 Rfe8 21. Qe3 a5 22. Rde1 Rd7 23. Qg3 Rde7 24. Re3 Ra8 25. Qe1 a4 26. b4 a3 27. bxa3 Rxa3 28. h4 Re8 29. g4 Nxg4 30. Rg3 Nh6 31. f6 Nf5 0-1